Statistics for Pokemon Type Quiz

Click here to take the quiz!

General Stats

  • This quiz has been taken 224 times
  • The average score is 20 of 30

Answer Stats

Pokemon NamePokemon Type(s)% Correct
GrubbinBug
100%
CaterpieBug
100%
BlipbugBug
100%
KricketotBug
100%
CascoonBug
100%
WurmpleBug
100%
VikavoltBug and Electric
100%
JoltikBug and Electric
100%
RibombeeBug and Fairy
100%
HeracrossBug and Fighting
100%
ButterfreeBug and Flying
100%
MothimBug and Flying
100%
ScytherBug and Flying
100%
ShedninjaBug and Ghost
100%
ParasBug and Grass
100%
WormadamBug and Grass/Bug and Ground/Bug and Steel
100%
VenipedeBug and Poison
100%
AriadosBug and Poison
100%
SurskitBug and Water
100%
Mega AbsolDark
100%
LiepardDark
100%
Alolan PersianDark
100%
ZoroarkDark
100%
ThievulDark
100%
PoochyenaDark
100%
DeinoDark and Dragon
100%
HydreigonDark and Dragon
100%
MorgremDark and Fairy
100%
ScraftyDark and Fighting
100%
HoundourDark and Fire
100%
VullabyDark and Flying
100%
HonchkrowDark and Flying
100%
WeavileDark and Ice
100%
Galarian ZigzagoonDark and Normal
100%
MalamarDark and Psychic
100%
PawniardDark and Steel
100%
BisharpDark and Steel
100%
GoomyDragon
100%
RegidragoDragon
100%
GoodraDragon
100%
Jangmo-oDragon
100%
AxewDragon
100%
ZekromDragon and Electric
100%
GibleDragon and Ground
100%
Mega GarchompDragon and Ground
100%
ZygardeDragon and Ground
100%
KyuremDragon and Ice
100%
Mega LatiosDragon and Psychic
100%
LatiosDragon and Psychic
100%
BlitzleElectric
100%
MareepElectric
100%
RegielekiElectric
100%
PincurchinElectric
100%
ElekidElectric
100%
PlusleElectric
100%
ManectricElectric
100%
ElectrikeElectric
100%
TynamoElectric
100%
MorpekoElectric and Dark
100%
ZapdosElectric and Flying
100%
ArctozoltElectric and Ice
100%
HelioliskElectric and Normal
100%
ToxtricityElectric and Poison
100%
Alolan RaichuElectric and Psychic
100%
TogedemaruElectric and Steel
100%
FlabébéFairy
100%
ClefairyFairy
100%
SpritzeeFairy
100%
SlurpuffFairy
100%
FlorgesFairy
100%
FloetteFairy
100%
MilceryFairy
100%
SawkFighting
100%
Galarian Farfetch'dFighting
100%
MankeyFighting
100%
CrabrawlerFighting
100%
PanchamFighting
100%
MachokeFighting
100%
MachampFighting
100%
FalinksFighting
100%
PrimeapeFighting
100%
GurdurrFighting
100%
PangoroFighting and Dark
100%
SimisearFire
100%
FlareonFire
100%
BraixenFire
100%
QuilavaFire
100%
CyndaquilFire
100%
TorkoalFire
100%
DarumakaFire
100%
SlugmaFire
100%
MagbyFire
100%
TorracatFire
100%
LittenFire
100%
CinderaceFire
100%
GrowlitheFire
100%
EmboarFire and Fighting
100%
CombuskenFire and Fighting
100%
MonfernoFire and Fighting
100%
Mega BlazikenFire and Fighting
100%
MoltresFire and Flying
100%
Mega Charizard YFire and Flying
100%
TalonflameFire and Flying
100%
Ho-OhFire and Flying
100%
FletchinderFire and Flying
100%
OricorioFire and Flying/Electric and Flying/Psychic and Flying/Ghost and Flying
100%
BlacephalonFire and Ghost
100%
Mega CameruptFire and Ground
100%
CameruptFire and Ground
100%
NumelFire and Ground
100%
DarmanitanFire/Fire and Psychic/Ice and Fire
100%
TornadusFlying
100%
CorviknightFlying and Steel
100%
DusclopsGhost
100%
DusknoirGhost
100%
MisdreavusGhost
100%
Mega BanetteGhost
100%
BanneteGhost
100%
MismagiusGhost
100%
SpiritombGhost and Dark
100%
GiratinaGhost and Dragon
100%
MimikyuGhost and Fairy
100%
DrifblimGhost and Flying
100%
DrifloonGhost and Flying
100%
PalossandGhost and Ground
100%
GastlyGhost and Poison
100%
GengarGhost and Poison
100%
Mega GengarGhost and Poison
100%
HaunterGhost and Poison
100%
PansageGrass
100%
MeganiumGrass
100%
ChespinGrass
100%
SunkernGrass
100%
SceptileGrass
100%
ThwackeyGrass
100%
MaractusGrass
100%
ChikoritaGrass
100%
GrookeyGrass
100%
LilligantGrass
100%
PetililGrass
100%
LurantisGrass
100%
ShroomishGrass
100%
GossifleurGrass
100%
CacturneGrass and Dark
100%
FlappleGrass and Dragon
100%
Mega SceptileGrass and Dragon
100%
WhimsicottGrass and Fairy
100%
CottoneeGrass and Fairy
100%
ShiinoticGrass and Fairy
100%
BreloomGrass and Fighting
100%
VirizionGrass and Fighting
100%
JumpluffGrass and Flying
100%
HoppipGrass and Flying
100%
DecidueyeGrass and Ghost
100%
SnoverGrass and Ice
100%
AbomasnowGrass and Ice
100%
RoseliaGrass and Poison
100%
BudewGrass and Poison
100%
VileplumeGrass and Poison
100%
WeepinbellGrass and Poison
100%
VictreebelGrass and Poison
100%
FoongusGrass and Poison
100%
Mega VenusaurGrass and Poison
100%
ExeggutorGrass and Psychic
100%
KartanaGrass and Steel
100%
FerroseedGrass and Steel
100%
HippopotasGround
100%
DrilburGround
100%
MarowakGround
100%
DiglettGround
100%
SilicobraGround
100%
SandshrewGround
100%
DugtrioGround
100%
SandacondaGround
100%
PhanpyGround
100%
HippowdonGround
100%
TrapinchGround
100%
VibravaGround and Dragon
100%
FlygonGround and Dragon
100%
GliscorGround and Flying
100%
GolurkGround and Ghost
100%
BaltoyGround and Psychic
100%
AvaluggIce
100%
EiscueIce
100%
BergmiteIce
100%
GlalieIce
100%
GlaceonIce
100%
VannilluxeIce
100%
VanilliteIce
100%
CryogonalIce
100%
CubchooIce
100%
FrosmothIce and Bug
100%
SnomIce and Bug
100%
PiloswineIce and Ground
100%
SwinubIce and Ground
100%
Mr. RimeIce and Psychic
100%
Alolan SandshrewIce and Steel
100%
SealeoIce and Water
100%
SphealIce and Water
100%
ZigzagoonNormal
100%
DelcattyNormal
100%
MinccinoNormal
100%
TaurosNormal
100%
UrsaringNormal
100%
SlakothNormal
100%
LickitungNormal
100%
StoutlandNormal
100%
SpindaNormal
100%
RattataNormal
100%
ArceusNormal
100%
RegigigasNormal
100%
Porygon-ZNormal
100%
SentretNormal
100%
FurretNormal
100%
SilvallyNormal
100%
BunearyNormal
100%
LopunnyNormal
100%
KomalaNormal
100%
LillipupNormal
100%
BewearNormal and Fighting
100%
PyroarNormal and Fire
100%
LitleoNormal and Fire
100%
PidgeotNormal and Flying
100%
TaillowNormal and Flying
100%
SwellowNormal and Flying
100%
Mega PidgeotNormal and Flying
100%
TranquilNormal and Flying
100%
StaraviaNormal and Flying
100%
PikipekNormal and Flying
100%
ToucannonNormal and Flying
100%
Galarian UnfezantNormal and Flying
100%
UnfezantNormal and Flying
100%
NoctowlNormal and Flying
100%
PidoveNormal and Flying
100%
ChatotNormal and Flying
100%
DeerlingNormal and Grass
100%
BibarelNormal and Water
100%
KoffingPoison
100%
GarbodorPoison
100%
MukPoison
100%
TrubbishPoison
100%
NidorinoPoison
100%
Nidoran♀Poison
100%
Nidoran♂Poison
100%
StunktankPoison and Dark
100%
StunkyPoison and Dark
100%
EternatusPoison and Dragon
100%
CrobatPoison and Flying
100%
NidoqueenPoison and Ground
100%
Galarian SlowbroPoison and Psychic
100%
Galarian SlowkingPoison and Psychic
100%
MareaniePoison and Water
100%
AbraPsychic
100%
DrowzeePsychic
100%
MeowsticPsychic
100%
GothitaPsychic
100%
ElgyemPsychic
100%
Mega Mewtwo YPsychic
100%
AlakazamPsychic
100%
ReuniclusPsychic
100%
MusharnaPsychic
100%
Galarian PonytaPsychic
100%
DeoxysPsychic
100%
MunnaPsychic
100%
MewtwoPsychic
100%
AzelfPsychic
100%
UxiePsychic
100%
UnownPsychic
100%
ChimechoPsychic
100%
WoobatPsychic and Flying
100%
NatuPsychic and Flying
100%
LunalaPsychic and Ghost
100%
LycanrocRock
100%
RampardosRock
100%
CranidosRock
100%
RegirockRock
100%
AnorithRock and Bug
100%
ArmaldoRock and Bug
100%
Alolan GravelerRock and Electric
100%
Alolan GeodudeRock and Electric
100%
Alolan GolemRock and Electric
100%
CarbinkRock and Fairy
100%
CarkolRock and Fire
100%
CradilyRock and Grass
100%
GolemRock and Ground
100%
GravelerRock and Ground
100%
LunatoneRock and Psychic
100%
ProbopassRock and Steel
100%
BarbacleRock and Water
100%
BinacleRock and Water
100%
Mega AggronSteel
100%
MeltanSteel
100%
MelmetalSteel
100%
PerrserkerSteel
100%
KlinkSteel
100%
Mega MawileSteel and Fairy
100%
Mega SteelixSteel and Ground
100%
MetangSteel and Psychic
100%
LaironSteel and Rock
100%
FeebasWater
100%
ChewtleWater
100%
InteleonWater
100%
WailordWater
100%
FinneonWater
100%
KyogreWater
100%
LuvdiscWater
100%
PrinplupWater
100%
AlomomolaWater
100%
MiloticWater
100%
HuntailWater
100%
ClamperlWater
100%
PolitoedWater
100%
RemoraidWater
100%
SeakingWater
100%
FloatzelWater
100%
BlastoiseWater
100%
LumineonWater
100%
DewottWater
100%
KinglerWater
100%
OshawottWater
100%
WishiwashiWater
100%
WartortleWater
100%
ManaphyWater
100%
ArrokudaWater
100%
PhioneWater
100%
HorseaWater
100%
SimipourWater
100%
SeadraWater
100%
StaryuWater
100%
GoldeenWater
100%
ClauncherWater
100%
ClawitzerWater
100%
MudkipWater
100%
Mega GyradosWater and Dark
100%
CrawdauntWater and Dark
100%
CarvanhaWater and Dark
100%
PrimarinaWater and Fairy
100%
AzumarillWater and Fairy
100%
PoliwrathWater and Fighting
100%
MantineWater and Flying
100%
DucklettWater and Flying
100%
MantykeWater and Flying
100%
QuagsireWater and Ground
100%
PalpitoadWater and Ground
100%
MarshtompWater and Ground
100%
CloysterWater and Ice
100%
DewongWater and Ice
100%
ArctovishWater and Ice
100%
StarmieWater and Psychic
100%
SlowkingWater and Psychic
100%
DrednawWater and Rock
100%
CarracostaWater and Rock
100%
EmpoleonWater and Steel
100%
Hakamo-oDragon and Fighting
80%
HitmonchanFighting
75%
MespritPsychic
75%
KarrablastBug
67%
Mega HeracrossBug and Fighting
67%
PachirisuElectric
67%
GranbullFairy
67%
PansearFire
67%
Alolan MarowakFire and Ghost
67%
MagcargoFire and Rock
67%
CramorantFlying and Water
67%
RhyhornGround and Rock
67%
FroslassIce and Ghost
67%
Porygon2Normal
67%
DunsparceNormal
67%
KangaskhanNormal
67%
GolbatPoison and Flying
67%
Mega GalladePsychic and Fighting
67%
SwoobatPsychic and Flying
67%
HoopaPsychic and Ghost/Psychic and Dark
67%
SteelixSteel and Ground
67%
Tapu FiniWater and Fairy
67%
ShayminGrass/Grass and Flying
60%
IllumiseBug
50%
PheromosaBug and Fighting
50%
LedybaBug and Flying
50%
WhirlipedeBug and Poison
50%
WimpodBug and Water
50%
ZweliousDark and Dragon
50%
ScraggyDark and Fighting
50%
Mega HoundoomDark and Fire
50%
SliggooDragon
50%
BagonDragon
50%
Mega ManectricElectric
50%
ElectivireElectric
50%
RotomElectric and Ghost/Electric and Fire/Electric and Water/Electric and Ice/Electric and Flying/Electric and Grass
50%
TogepiFairy
50%
AromatisseFairy
50%
UrshifuFighting and Dark/Fighting and Water
50%
Galarian ZapdosFighting and Flying
50%
CharmanderFire
50%
HeatmorFire
50%
RabootFire
50%
CharmeleonFire
50%
CastformFire/Water/Ice/Normal
50%
CherrimGrass
50%
TreeckoGrass
50%
TangelaGrass
50%
RillaboomGrass
50%
Alolan ExeggutorGrass and Dragon
50%
RowletGrass and Flying
50%
TorterraGrass and Ground
50%
Mega AbomasnowGrass and Ice
50%
SandslashGround
50%
Galarian StunfiskGround and Steel
50%
Alolan DugtrioGround and Steel
50%
SkwovetNormal
50%
CinccinoNormal
50%
PatratNormal
50%
LickilickyNormal
50%
PuruglyNormal
50%
VigorothNormal
50%
BraviaryNormal and Flying
50%
GirafarigNormal and Psychic
50%
WeezingPoison
50%
GothoritaPsychic
50%
VictiniPsychic and Fire
50%
CelebiPsychic and Grass
50%
GigalithRock
50%
DiancieRock and Fairy
50%
HonedgeSteel and Ghost
50%
TympoleWater
50%
BarraskewdaWater
50%
GorebyssWater
50%
VaporeonWater
50%
FeraligatrWater
50%
Mega SharpedoWater and Dark
50%
LanturnWater and Electric
50%
FrillishWater and Ghost
50%
QwilfishWater and Poison
50%
SlowbroWater and Psychic
50%
Sirfetch'dFighting
33%
PolteageistGhost
33%
ClaydolGround and Psychic
33%
StuffulNormal and Fighting
33%
SpearowNormal and Flying
33%
FletchlingNormal and Flying
33%
OranguruNormal and Psychic
33%
IndeedeePsychic and Normal
33%
AggronSteel and Rock
33%
OctilleryWater
33%
WailmerWater
33%
WhiscashWater and Ground
33%
Galarian YamaskGround and Ghost
25%
VolbeatBug
0%
SilcoonBug
0%
PinsirBug
0%
MetapodBug
0%
PinecoBug
0%
ShelmetBug
0%
SpewpaBug
0%
AccelgorBug
0%
ScatterbugBug
0%
KricketuneBug
0%
BurmyBug
0%
CharjabugBug and Electric
0%
GalvantulaBug and Electric
0%
CutieflyBug and Fairy
0%
BuzzwoleBug and Fighting
0%
VolcaronaBug and Fire
0%
LarvestaBug and Fire
0%
NinjaskBug and Flying
0%
YanmaBug and Flying
0%
CombeeBug and Flying
0%
LedianBug and Flying
0%
YanmegaBug and Flying
0%
VivillionBug and Flying
0%
Mega PinsirBug and Flying
0%
VespiquenBug and Flying
0%
BeautiflyBug and Flying
0%
LeavannyBug and Grass
0%
SewaddleBug and Grass
0%
SwadloonBug and Grass
0%
ParasectBug and Grass
0%
NincadaBug and Ground
0%
DustoxBug and Poison
0%
VenomothBug and Poison
0%
Mega BeedrillBug and Poison
0%
VenonatBug and Poison
0%
ScolipedeBug and Poison
0%
WeedleBug and Poison
0%
SpinarakBug and Poison
0%
KakunaBug and Poison
0%
BeedrillBug and Poison
0%
DottlerBug and Psychic
0%
OrbeetleBug and Psychic
0%
ShuckleBug and Rock
0%
DwebbleBug and Rock
0%
CrustleBug and Rock
0%
ScizorBug and Steel
0%
EscavalierBug and Steel
0%
DurantBug and Steel
0%
GenesectBug and Steel
0%
Mega ScizorBug and Steel
0%
ForretressBug and Steel
0%
MasquerainBug and Water
0%
GolisopodBug and Water
0%
NickitDark
0%
ZoruaDark
0%
DarkraiDark
0%
AbsolDark
0%
PurrloinDark
0%
Alolan MeowthDark
0%
UmbreonDark
0%
MightyenaDark
0%
ObstagoonDark ad Normal
0%
GuzzlordDark and Dragon
0%
ImpidimpDark and Fairy
0%
GrimmsnarlDark and Fairy
0%
HoundoomDark and Fire
0%
MurkrowDark and Flying
0%
YvetalDark and Flying
0%
Galarian MoltresDark and Flying
0%
MandibuzzDark and Flying
0%
SableyeDark and Ghost
0%
Mega SableyeDark and Ghost
0%
ZarudeDark and Grass
0%
SneaselDark and Ice
0%
Alolan RaticateDark and Normal
0%
Alolan RattataDark and Normal
0%
Galarian LinooneDark and Normal
0%
InkayDark and Psychic
0%
ShelgonDragon
0%
DragonairDragon
0%
FraxureDragon
0%
HaxorusDragon
0%
DruddigonDragon
0%
DratiniDragon
0%
Mega AltariaDragon and Fairy
0%
Kommo-oDragon and Fighting
0%
ReshiramDragon and Fire
0%
Mega SalamenceDragon and Flying
0%
Mega RayquazaDragon and Flying
0%
DragoniteDragon and Flying
0%
RayquazaDragon and Flying
0%
SalamenceDragon and Flying
0%
AltariaDragon and Flying
0%
DreepyDragon and Ghost
0%
DrakloakDragon and Ghost
0%
DragapultDragon and Ghost
0%
GarchompDragon and Ground
0%
GabiteDragon and Ground
0%
LatiasDragon and Psychic
0%
Mega LatiasDragon and Psychic
0%
XurkitreeElectric
0%
ElectrodeElectric
0%
EelektrossElectric
0%
EelektrikElectric
0%
AmpharosElectric
0%
ElectabuzzElectric
0%
ShinxElectric
0%
PichuElectric
0%
LuxioElectric
0%
VoltorbElectric
0%
RaichuElectric
0%
MinunElectric
0%
PikachuElectric
0%
LuxrayElectric
0%
FlaafyElectric
0%
ZebstrikaElectric
0%
ZeraoraElectric
0%
JolteonElectric
0%
YamperElectric
0%
BoltundElectric
0%
RaikouElectric
0%
DracozoltElectric and Dragon
0%
Mega AmpharosElectric and Dragon
0%
Tapu KokoElectric and Fairy
0%
DedenneElectric and Fairy
0%
ThundurusElectric and Flying
0%
EmolgaElectric and Flying
0%
HelioptileElectric and Normal
0%
ToxelElectric and Poison
0%
MagnezoneElectric and Steel
0%
MagnetonElectric and Steel
0%
MagnemiteElectric and Steel
0%
SnubbullFairy
0%
AlcremieFairy
0%
XerneasFairy
0%
ClefableFairy
0%
CleffaFairy
0%
SylveonFairy
0%
SwirlixFairy
0%
ComfeyFairy
0%
TogeticFairy and Flying
0%
TogekissFairy and Flying
0%
ZacianFairy/Fairy and Steel
0%
ThrohFighting
0%
HitmontopFighting
0%
HariyamaFighting
0%
MakuhitaFighting
0%
MienfooFighting
0%
MienshaoFighting
0%
TyrogueFighting
0%
ConkeldurrFighting
0%
GrapploctFighting
0%
MachopFighting
0%
RioluFighting
0%
TimburrFighting
0%
KubfuFighting
0%
HitmonleeFighting
0%
PassimianFighting
0%
ClobbopusFighting
0%
HawluchaFighting and Flying
0%
MarshadowFighting and Ghost
0%
CrabominableFighting and Ice
0%
MedititeFighting and Psychic
0%
Mega MedichamFighting and Psychic
0%
MedichamFighting and Psychic
0%
LucarioFighting and Steel
0%
ZamazentaFighting/Fighting and Steel
0%
ArcanineFire
0%
EnteiFire
0%
VulpixFire
0%
NinetalesFire
0%
TorchicFire
0%
ScorbunnyFire
0%
TyphlosionFire
0%
FennekinFire
0%
ChimcharFire
0%
TepigFire
0%
RapidashFire
0%
MagmarFire
0%
PonytaFire
0%
MagmortarFire
0%
SizzlipedeFire and Bug
0%
CnetiskorchFire and Bug
0%
IncineroarFire and Dark
0%
Mega Charizard XFire and Dragon
0%
TurtunatorFire and Dragon
0%
InfernapeFire and Fighting
0%
BlazikenFire and Fighting
0%
PigniteFire and Fighting
0%
CharizardFire and Flying
0%
DelphoxFire and Psychic
0%
HeatranFire and Steel
0%
VolcanionFire and Water
0%
CorvisquireFlying
0%
RookideeFlying
0%
NoibatFlying and Dragon
0%
NoivernFlying and Dragon
0%
YamaskGhost
0%
ShuppetGhost
0%
DuskullGhost
0%
CofagrigusGhost
0%
CursolaGhost
0%
SpectrierGhost
0%
SinisteaGhost
0%
Galarian CorsolaGhost
0%
ChandelureGhost and Fire
0%
LitwickGhost and Fire
0%
LampentGhost and Fire
0%
GourgeistGhost and Grass
0%
PumpkabooGhost and Grass
0%
TrevenantGhost and Grass
0%
PhantumpGhost and Grass
0%
DhelmiseGhost and Grass
0%
SandygastGhost and Ground
0%
SnivyGrass
0%
GrotleGrass
0%
LeafeonGrass
0%
TangrowthGrass
0%
SteeneeGrass
0%
SeedotGrass
0%
SimisageGrass
0%
BounsweetGrass
0%
CarnivineGrass
0%
CherubiGrass
0%
BellossomGrass
0%
TurtwigGrass
0%
FormantisGrass
0%
QuilladinGrass
0%
TsareenaGrass
0%
ServineGrass
0%
SerperiorGrass
0%
SunfloraGrass
0%
CacneaGrass
0%
EldegossGrass
0%
BayleefGrass
0%
GrovyleGrass
0%
SkiddoGrass
0%
GogoatGrass
0%
NuzleafGrass and Dark
0%
ShiftryGrass and Dark
0%
AppletunGrass and Dragon
0%
ApplinGrass and Dragon
0%
MorelullGrass and Fairy
0%
Tapu BuluGrass and Fairy
0%
ChesnaughtGrass and Fighting
0%
TropiusGrass and Flying
0%
SkiploomGrass and Flying
0%
DartrixGrass and Flying
0%
BulbasaurGrass and Poison
0%
BellsproutGrass and Poison
0%
AmoongussGrass and Poison
0%
VenusaurGrass and Poison
0%
GloomGrass and Poison
0%
OddishGrass and Poison
0%
RoseradeGrass and Poison
0%
IvysaurGrass and Poison
0%
ExxegcuteGrass and Psychic
0%
FerrothornGrass and Steel
0%
DonphanGround
0%
GroudonGround
0%
MudsdaleGround
0%
CuboneGround
0%
MudbrayGround
0%
KrokorokGround and Dark
0%
SandileGround and Dark
0%
KrookodileGround and Dark
0%
StunfiskGround and Electric
0%
LandorusGround and Flying
0%
GligarGround and Flying
0%
GolettGround and Ghost
0%
RunerigusGround and Ghost
0%
RhydonGround and Rock
0%
RhyperiorGround and Rock
0%
Alolan DiglettGround and Steel
0%
ExcadrillGround and Steel
0%
Galarian DarmanitanIce
0%
GlastrierIce
0%
BearticIce
0%
Mega GlalieIce
0%
SnoruntIce
0%
VanillishIce
0%
RegiceIce
0%
Alolan VulpixIce
0%
Galarian DarumakaIce
0%
Alolan NinetalesIce and Fairy
0%
DelibirdIce and Flying
0%
ArticunoIce and Flying
0%
MamoswineIce and Ground
0%
JynxIce and Psychic
0%
Galarian Mr. MimeIce and Psychic
0%
SmoochumIce and Psychic
0%
Alolan SandslashIce and Steel
0%
WalreinIce and Water
0%
TeddiursaNormal
0%
HappinyNormal
0%
LinooneNormal
0%
Type: NullNormal
0%
MunchlaxNormal
0%
BidoofNormal
0%
GlameowNormal
0%
ZangooseNormal
0%
WhismurNormal
0%
LoudredNormal
0%
ExploudNormal
0%
SkittyNormal
0%
DubwoolNormal
0%
WoolooNormal
0%
SnorlaxNormal
0%
AmbipomNormal
0%
KecleonNormal
0%
GreedentNormal
0%
PorygonNormal
0%
EeveeNormal
0%
DittoNormal
0%
AipomNormal
0%
ChanseyNormal
0%
Mega KangaskhanNormal
0%
SlakingNormal
0%
BouffalantNormal
0%
FurfrouNormal
0%
YungoosNormal
0%
MeowthNormal
0%
PersianNormal
0%
StantlerNormal
0%
SmeargleNormal
0%
RaticateNormal
0%
MiltankNormal
0%
BlisseyNormal
0%
BunnelbyNormal
0%
GumshoosNormal
0%
DiggersbyNormal
0%
AudinoNormal
0%
HerdierNormal
0%
WatchogNormal
0%
DrampaNormal and Dragon
0%
Mega AudinoNormal and Fairy
0%
JigglypuffNormal and Fairy
0%
IgglybuffNormal and Fairy
0%
WigglytuffNormal and Fairy
0%
AzurillNormal and Fairy
0%
Mega LopunnyNormal and Fighting
0%
RuffletNormal and Flying
0%
DodrioNormal and Flying
0%
FearowNormal and Flying
0%
Farfetch'dNormal and Flying
0%
StarlyNormal and Flying
0%
SwabluNormal and Flying
0%
PidgeottoNormal and Flying
0%
DoduoNormal and Flying
0%
HoothootNormal and Flying
0%
PidgeyNormal and Flying
0%
TrumbeakNormal and Flying
0%
StaraptorNormal and Flying
0%
SawsbuckNormal and Grass
0%
MeloettaNormal and Psychic/Normal and Fighting
0%
NidorinaPoison
0%
ArbokPoison
0%
EkansPoison
0%
SwalotPoison
0%
SeviperPoison
0%
GulpinPoison
0%
GrimerPoison
0%
PoipolePoison
0%
SkorupiPoison and Bug
0%
Alolan MukPoison and Dark
0%
Alolan GrimerPoison and Dark
0%
DrapionPoison and Dark
0%
NagandelPoison and Dragon
0%
DragalgePoison and Dragon
0%
Galarian WeezingPoison and Fairy
0%
ToxicroakPoison and Fighting
0%
CroagunkPoison and Fighting
0%
SalanditPoison and Fire
0%
SalazzlePoison and Fire
0%
ZubatPoison and Flying
0%
NidokingPoison and Ground
0%
SkrelpPoison and Water
0%
ToxapexPoison and Water
0%
SpoinkPsychic
0%
Mega AlakazamPsychic
0%
HatennaPsychic
0%
MewPsychic
0%
HattremPsychic
0%
EspurrPsychic
0%
Galarian SlowpokePsychic
0%
KadabraPsychic
0%
GrumpigPsychic
0%
HypnoPsychic
0%
WobbuffetPsychic
0%
ChinglingPsychic
0%
CosmogPsychic
0%
CosmoemPsychic
0%
GothitellePsychic
0%
WynautPsychic
0%
SolosisPsychic
0%
EspeonPsychic
0%
DuosionPsychic
0%
NecrozmaPsychic
0%
BeheeyemPsychic
0%
CresseliaPsychic
0%
HatterenePsychic and Fairy
0%
RaltsPsychic and Fairy
0%
Tapu LelePsychic and Fairy
0%
KirliaPsychic and Fairy
0%
Mr. MimePsychic and Fairy
0%
Mega GardevoirPsychic and Fairy
0%
Mime Jr.Psychic and Fairy
0%
Galarian RapidashPsychic and Fairy
0%
GardevoirPsychic and Fairy
0%
Mega Mewtwo XPsychic and Fighting
0%
GalladePsychic and Fighting
0%
SigilyphPsychic and Flying
0%
LugiaPsychic and Flying
0%
Galarian ArticunoPsychic and Flying
0%
XatuPsychic and Flying
0%
CalyrexPsychic and Grass/Psychic and Ice/Psychic and Ghost
0%
SolgaleoPsychic and Steel
0%
BonslyRock
0%
RolycolyRock
0%
RoggenrolaRock
0%
BoldoreRock
0%
SudowoodoRock
0%
RockruffRock
0%
NosepassRock
0%
StonjournerRock
0%
TyranitarRock and Dark
0%
Mega TyranitarRock and Dark
0%
TryantrumRock and Dragon
0%
TyruntRock and Dragon
0%
Mega DiancieRock and Fairy
0%
TerrakionRock and Fighting
0%
CoalossalRock and Fire
0%
ArchenRock and Flying
0%
MiniorRock and Flying
0%
AerodactylRock and Flying
0%
ArcheopsRock and Flying
0%
Mega AerodactylRock and Flying
0%
LileepRock and Grass
0%
OnixRock and Ground
0%
PupitarRock and Ground
0%
LarvitarRock and Ground
0%
GeodudeRock and Ground
0%
AurorousRock and Ice
0%
AmauraRock and Ice
0%
NihilegoRock and Poison
0%
SolrockRock and Psychic
0%
StakatakaRock and Steel
0%
ShieldonRock and Steel
0%
BastiodonRock and Steel
0%
OmastarRock and Water
0%
KabutopsRock and Water
0%
KabutoRock and Water
0%
OmanyteRock and Water
0%
RegisteelSteel
0%
Galarian MeowthSteel
0%
KlinklangSteel
0%
KlangSteel
0%
CufantSteel
0%
CopperajahSteel
0%
DuraludonSteel and Dragon
0%
DialgaSteel and Dragon
0%
MawileSteel and Fairy
0%
KlefkiSteel and Fairy
0%
MagearnaSteel and Fairy
0%
CobalionSteel and Fighting
0%
SkarmorySteel and Flying
0%
CelesteelaSteel and Flying
0%
DoubladeSteel and Ghost
0%
AegislashSteel and Ghost
0%
BronzorSteel and Psychic
0%
BronzongSteel and Psychic
0%
MetagrossSteel and Psychic
0%
BeldumSteel and Psychic
0%
Mega MetagrossSteel and Psychic
0%
JirachiSteel and Psychic
0%
AronSteel and Rock
0%
PoliwagWater
0%
GolduckWater
0%
SuicuneWater
0%
PsyduckWater
0%
SeelWater
0%
SquirtleWater
0%
BasculinWater
0%
PanpourWater
0%
SamurottWater
0%
FrogadierWater
0%
PyukumukuWater
0%
Mega BlastoiseWater
0%
PopplioWater
0%
ShellderWater
0%
FroakieWater
0%
ShellosWater
0%
MagikarpWater
0%
PoliwhirlWater
0%
SobbleWater
0%
DrizzileWater
0%
BuizelWater
0%
CorpishWater
0%
PiplupWater
0%
KrabbyWater
0%
TotodileWater
0%
CroconawWater
0%
BrionneWater
0%
AraquanidWater and Bug
0%
DewpiderWater and Bug
0%
SharpedoWater and Dark
0%
GreninjaWater and Dark
0%
KingdraWater and Dragon
0%
DracovishWater and Dragon
0%
PalkiaWater and Dragon
0%
ChinchouWater and Electric
0%
MarillWater and Fairy
0%
KeldeoWater and Fighting
0%
SwannaWater and Flying
0%
GyradosWater and Flying
0%
WingullWater and Flying
0%
PelipperWater and Flying
0%
JellicentWater and Ghost
0%
LotadWater and Grass
0%
LombreWater and Grass
0%
LudicoloWater and Grass
0%
SwampertWater and Ground
0%
WooperWater and Ground
0%
GastrodonWater and Ground
0%
Mega SwampertWater and Ground
0%
BarboachWater and Ground
0%
SeismitoadWater and Ground
0%
LaprasWater and Ice
0%
TentacoolWater and Poison
0%
TentacruelWater and Poison
0%
Mega SlowbroWater and Psychic
0%
BruxishWater and Psychic
0%
SlowpokeWater and Psychic
0%
RelicanthWater and Rock
0%
CorsolaWater and Rock
0%
TirtougaWater and Rock
0%

Score Distribution

Percentile by Number Answered

Percent of People with Each Score

Your Score History

You have not taken this quiz